ბათუმის შოთა რუსთაველის სახელმწიფო უნივერსიტეტის ბიბლიოთეკა

მეთოდური მითითებანი ფოლადის და ფოლადრკინაბეტონის მალის ნაშენების კონსტრუირებისათვის / (ბიბ.ჩანაწერი № 40082)

000 -ლიდერი
ფიქსირებული სიგრძის საკონტროლო ველი 01325nam a2200241Ia 4500
001 - საკონტროლო ნომერი
საკონტროლო ველი 6688
003 - საკონტროლო ნომრის იდენტიფიკატორი
საკონტროლო ველი GE_BSU
005 - ბოლო ოპერაციის თარიღი და დრო
საკონტროლო ველი 20190502145115.0
008 - ფიქსირებული სიგრძის მონაცემთა ელემენტები - ზოგადი ინფორმაცია
ფიქსირებული სიგრძის საკონტროლო ველი 181216s1981||||ge |||||||||||||| ||geo||
040 ## - კატალოგიზაციის წყარო
Transcribing agency GE_BSU
041 ## - ენის კოდი
Language code of text/sound track or separate title geo
080 ## - უნივერსალური ათობითი კლასიფიკაციის ინდექსი
Universal Decimal Classification number 624.014.2 + 624.012.4 მ-50
245 ## - ცნობა სათაურის შესახებ
Title მეთოდური მითითებანი ფოლადის და ფოლადრკინაბეტონის მალის ნაშენების კონსტრუირებისათვის /
Statement of responsibility, etc შემდგ. : ი.ბიუსი, ნ.თეთრუაშვილი ; რედ. ე.გიორგაძე.
264 ## - წარმოების, გამოცემის, დისტრიბუციის და სხვა ცნობები
გამოცემის, წარმოების, დისტრიბუციის... ადგილი თბილისი :
გამოცემის, წარმოების, დისტრიბუციის... სახელწოდება სპი,
გამოცემის, წარმოების, დისტრიბუციის... თარიღი 1981.
300 ## - ფიზიკური აღწერა
Extent 64 გვ. ;
Dimensions 20 სმ.
504 ## - BIBLIOGRAPHY, ETC. NOTE
Bibliography, etc ბიბლიოგრ. : გვ.62.
653 ## - INDEX TERM--UNCONTROLLED
Uncontrolled term ფოლადის და ფოლადრკინაბეტონის მალის ნაშენების კონსტრუირება
653 ## - INDEX TERM--UNCONTROLLED
Uncontrolled term ფოლადის კონსტრუქციები
700 ## - ADDED ENTRY--PERSONAL NAME
Personal name ბიუსი, ი.
Relator term შემდგენელი
9 (RLIN) 471
700 ## - ADDED ENTRY--PERSONAL NAME
Personal name თეთრუაშვილი, ნ.
Relator term შემდგენელი
9 (RLIN) 653
700 ## - ADDED ENTRY--PERSONAL NAME
Personal name გიორგაძე, ე.
Relator term რედაქტორი
9 (RLIN) 398
942 ## - ADDED ENTRY ELEMENTS (KOHA)
Koha item type წიგნი
Source of classification or shelving scheme
ეგზემპლარები
ჩამოწერის სტატუსი დაკარგული ეგზემპლარის სტატუსი კლასიფიკაციის წყარო ან თაროზე გაწყობის სქემა დაზიანების სტატუსი არ გაიცემა მუდმივი მდებარეობა (დაცვის ადგილი) ამჟამინდელი ადგილსამყოფელი თაროზე განთავსების ადგილი შეძენის თარიღი ღირებულება, შესყიდვის ნორმალური ფასი სრული შენახვის შიფრი შტრიხკოდი ბოლო ოპერაციის თარიღი ეგზემპლარის მიმდევრობითი ნომერი (კეტერი?) ფასის ძალაში შესვლის თარიღი ეგზემპლარის სახეობა საჯარო შენიშვნა
          ტექნოლოგიური ფაკულტეტის ბიბლიოთეკა ტექნოლოგიური ფაკულტეტის ბიბლიოთეკა წიგნსაცავი 2018-12-17 0.30 624.014.2 + 624.012.4 მ-50 11609 2018-12-17 11609 2018-12-17 წიგნი 0.30 ლ.
          ტექნოლოგიური ფაკულტეტის ბიბლიოთეკა ტექნოლოგიური ფაკულტეტის ბიბლიოთეკა წიგნსაცავი 2018-12-17 0.30 624.014.2 + 624.012.4 მ-50 11610 2018-12-17 11610 2018-12-17 წიგნი 0.30 ლ.
          ტექნოლოგიური ფაკულტეტის ბიბლიოთეკა ტექნოლოგიური ფაკულტეტის ბიბლიოთეკა წიგნსაცავი 2018-12-17 0.30 624.014.2 + 624.012.4 მ-50 11611 2018-12-17 11611 2018-12-17 წიგნი 0.30 ლ.
          ტექნოლოგიური ფაკულტეტის ბიბლიოთეკა ტექნოლოგიური ფაკულტეტის ბიბლიოთეკა წიგნსაცავი 2018-12-17 0.30 624.014.2 + 624.012.4 მ-50 11612 2018-12-17 11612 2018-12-17 წიგნი 0.30 ლ.
          ტექნოლოგიური ფაკულტეტის ბიბლიოთეკა ტექნოლოგიური ფაკულტეტის ბიბლიოთეკა წიგნსაცავი 2018-12-17 0.30 624.014.2 + 624.012.4 მ-50 11613 2018-12-17 11613 2018-12-17 წიგნი 0.30 ლ.